Polozapomenuté postavy ekonomického myšlení – N. D. Kondratěv

Ruský (resp. sovietský) ekonóm Nikolaj Dmitrijevič Kondratev (1892–1938) prevážne poľnohospodárskeho zamerania, štatistik a teoretik plánovania, ktorý pomocou štatistickej analýzy formuloval a rozvíjal hypotézu dlhých vĺn v ekonomickom vývoji. Položil týmto základy teórie dlhovlných cyklických flukt...

Full description

Saved in:
Bibliographic Details
Main Author: Sirůček, Pavel
Format: Book Chapter
Language:Czech
Subjects:
Tags: Add Tag
No Tags, Be the first to tag this record!

MARC

LEADER 00000naa a2200000 4500
001 0215908
005 20231116111120.8
041 0 |a cze 
044 |a CZ 
245 1 0 |a Polozapomenuté postavy ekonomického myšlení – N. D. Kondratěv  |c Pavel Sirůček 
520 |a Ruský (resp. sovietský) ekonóm Nikolaj Dmitrijevič Kondratev (1892–1938) prevážne poľnohospodárskeho zamerania, štatistik a teoretik plánovania, ktorý pomocou štatistickej analýzy formuloval a rozvíjal hypotézu dlhých vĺn v ekonomickom vývoji. Položil týmto základy teórie dlhovlných cyklických fluktuacií. 
610 2 0 |a teórie ekonomické 
610 2 0 |a osobnosť 
610 2 0 |a cykly hospodárske 
610 2 0 |a Kondratev, Nikolaj Dmitrijevič 
100 1 |a Sirůček, Pavel